000 00717nam a2200241 a 4500
001 64392
003 BD-RjUL
005 20211209081314.0
008 170214s1969 nyuajb b 001 0 eng d
035 _a(BD-RjUL)64522
040 _aBD-RjUL
_beng
_cBD-RjUL
_dBD-RjUL
041 _aeng
082 _223
_a940.232
_bELE 1969
100 1 _aElliott, J. H.
_q(John Huxtable)
_9191087
245 1 0 _aEurope divided 1559-1598 /
_cJ.H. Elliott.
260 _aNew York :
_bHarper & Row,
_c1969
300 _a432 p :
_bill. ;
_c21 cm.
490 1 _aHarper torchbooks ;
_vTB1414
500 _aIncludes index.
651 0 _aEurope
_xHistory
_y1517-1648.
_9191088
830 0 _aHarper torchbooks ;
_vTB1414
_9191092
942 _2ddc
_cBK
999 _c64392
_d64392